Nouveau petit Larousse

Guardado en:
Detalles Bibliográficos
Formato: Libro
Lenguaje:francés
Publicado: Paris Librairie Larousse 1972
Etiquetas: Agregar Etiqueta
Sin Etiquetas, Sea el primero en etiquetar este registro!

MARC

LEADER 00000nam a2200000 4500
001 c121560
005 20221207070059.6
041 0 |a fre 
044 |a FR 
245 1 0 |a Nouveau petit Larousse 
264 1 |a Paris  |b Librairie Larousse  |c 1972 
300 |a 1790 s.